SSC Napoli Squad 2024-2025 - Statistics

General Stats
  • This quiz has been taken 487 times
    290 since last reset
  • The average score is 23 of 30
Answer Stats
# Position Nation Player % Correct
1 GK Italy Alex Meret
97%
8 MF Scotland Scott McTominay
97%
68 MF Slovakia Stanislav Lobotka
96%
11 FW Belgium Romelu Lukaku
95%
99 MF Cameroon André-Frank Zambo Anguissa
94%
7 FW Brazil David Neres
92%
77 FW Georgia Khvicha Kvaratskhelia
91%
5 DF Brazil Juan Jesus
90%
22 DF Italy Giovanni Di Lorenzo
89%
6 MF Scotland Billy Gilmour
88%
- Coach Italy Antonio Conte
87%
21 FW Italy Matteo Politano
87%
13 DF Kosovo Amir Rrahmani
86%
17 DF Uruguay Mathías Olivera
86%
4 DF Italy Alessandro Buongiorno
85%
6 DF Portugal Mário Rui
85%
81 FW Italy Giacomo Raspadori
84%
18 FW Argentina Giovanni Simeone
80%
9 FW Switzerland Noah Okafor
76%
37 DF Italy Leonardo Spinazzola
71%
15 MF Denmark Philip Billing
67%
25 GK Italy Elia Caprile
66%
26 FW Belgium Cyril Ngonge
65%
16 DF Spain Rafa Marín
64%
96 GK Italy Simone Scuffet
60%
14 GK Italy Nikita Contini
57%
30 DF Italy Pasquale Mazzocchi
57%
23 FW Italy Alessio Zerbin
47%
90 MF Italy Michael Folorunsho
41%
29 MF Italy Luis Hasa
35%
No matching quizzes found
Score Distribution
Percent of People with Each Score
Percentile by Number Answered
Your Score History
You have not taken this quiz since the last reset